trinkets - ashnikko - Statistics

General Stats
  • This quiz has been taken 14 times
  • The average score is 253 of 278
Answer Stats
Answer % Correct
a
100%
chain
100%
girl
100%
(girl)
100%
i
100%
(i
100%
im
100%
key
100%
like
100%
my
100%
trinket
100%
want
100%
you
100%
you)
100%
am
93%
for
93%
hang
93%
him
93%
just
93%
little
93%
nest?
93%
on
93%
shiny
93%
treat
93%
(ah
86%
ah
86%
ah)
86%
be
86%
collect
86%
could
86%
crow?
86%
looking
86%
off
86%
something
86%
the
86%
bird?
79%
found
79%
in
79%
keepsake
79%
objects
79%
that
79%
all
71%
do
71%
god
71%
it
71%
kisses
71%
knows
71%
only
71%
pretty
71%
souvenirs
71%
them
71%
blue
64%
bronco
64%
chocolate
64%
face
64%
hand
64%
his
64%
keychain
64%
princess
64%
sit
64%
thigh
64%
things
64%
trinkets
64%
beyblade
57%
boys
57%
drinking
57%
milk
57%
spin
57%
we
57%
hes
43%
riding
43%
shotgun
43%
sweet
43%
theyre
43%
wear
0%
No matching quizzes found
Score Distribution
Percent of People with Each Score
Percentile by Number Answered
Your Score History
You have not taken this quiz